000 00711nam a2200193 a 4500
001 000275483
003 AM-YeHGA
005 20250618071819.0
008 031023s1902 ai r 000 0 arm d
040 _aAM-YeHGA
041 0 _aarm
100 1 _aԽրիմյան, Հայրիկ,
_cԱմենայն Հայոց Կաթողիկոս,
_d1820-1907
_93503
245 1 0 _aՈղբացող Խորենացին :
_bԻ յԱշտիշատ եւ յՕշական /
_cՀ. Խրիմեա.
260 _aՎաղարշապատ :
_bտպ. Մայր Աթոռոյ Ս. Էջմիածնի,
_c1902.
300 _a30 էջ ;
_c20 սմ.
504 _aՏողատ. ծանոթ.
650 1 4 _aՀայ գրականություն
_xՊոեզիա
090 _c101597
999 _c100281
_d100281